000
00315nam a2200121Ia 4500
008
220204s9999 xx 000 0 und d
082
_a
65:159.9
_b
HOD
100
_a
Altman, Steven
245
0
_a
Organizational behaviour
260
_a
Philadelphia
_b
W B Saunders
_c
1979
700
_a
Hodgetts, Richard M
942
_c
BK
999
_c
35003
_d
35003